| 000 | 00505nam a2200193Ia 4500 | ||
|---|---|---|---|
| 003 | GCL | ||
| 008 | 140319s9999 xx 000 0 eng d | ||
| 040 |
_aGCL / _cGCL |
||
| 082 | 0 | 4 |
_a005.3 _bH W |
| 100 | 1 | _aHABBIE, MARGANET D. | |
| 245 | 1 | 0 |
_aWORD PERFECT FOR WINDOWS QUICK REIFERENCE, 20TH ED / _cHABBIE, MARGANET D. |
| 260 |
_a[S.N] : _bQUE ، _c1992 |
||
| 300 | _a150 P | ||
| 650 | 0 | 4 | _aCOMPUTER LANGUAGE |
| 650 | 0 | 4 | _aWORD PERFECT |
| 650 | 0 | 4 | _aWINDOWS |
| 650 | 0 | 4 | _aSOFT WARE |
| 942 |
_2ddc _cBK |
||
| 999 |
_c22691 _d22691 |
||